| 000 | 00568nam a22001815i 4500 | ||
|---|---|---|---|
| 001 | 165610 | ||
| 003 | ES-MaACL | ||
| 005 | 20230906213155.0 | ||
| 008 | 990706s1847 fr |||| | fre d | ||
| 040 |
_aM-RAF _bspa _cM-RAF _dCCPB | B |
||
| 100 | 1 |
_aSoubeiran, E. _9132848 |
|
| 245 | 1 | 0 |
_aTraité de pharmacie théorique et practique / _cE. Soubeiran. |
| 250 | _a3ème ed. | ||
| 260 |
_aParís : _bVictor Masson, _c1847. |
||
| 300 |
_a2 v. ; _c22 cm. |
||
| 650 | 4 |
_aFarmacia. _9136083 |
|
| 852 |
_aES-MaACL _jG-14417-18 _z-- Enc. hol. _z-- Legado Gustavo Saenz Diez |
||
| 999 |
_c165610 _d165610 |
||